Ideas prácticas en decoración / (Registro nro. 11354)
[ vista simple ]
| 000 -LIDER | |
|---|---|
| fixed length control field | 00878cam a22002893a 4500 |
| 001 - NÚMERO DE CONTROL | |
| Identificador de número de control | 0000666 |
| 003 - IDENTIFICACDOR DE NÚMERO DE CONTROL | |
| control field | DO-SdBNP |
| 005 - DATE AND TIME OF LATEST TRANSACTION | |
| control field | 20171113094131.0 |
| 007 - CAMPOS FIJOS DE DESCRIPCIÓN FÍSICA | |
| fixed length control field | 0000666 |
| 008 - ELEMENTOS DE LONGITUD FIJA | |
| fixed length control field | 861112 2006 pe c 000 0 spa d |
| 010 ## - NUMERO DE CONTROL DE BIBLIOTECA DEL CONGRESO | |
| LC control number | |
| 020 ## - ISBN | |
| International Standard Book Number | 9972209067 |
| 040 ## - FUENTE DE CATALOGACIÓN | |
| Agencia que crea de manera original el registro | BPMSU |
| Agencia que realiza la transcripción | spa |
| Agencia que realiza la modificación | BPMSU |
| -- | |
| 082 #4 - NÚMERO DE CLASIFICACIÓN DECIMAL DE DEWEY | |
| Classification number | 747 |
| Item number | V468i |
| 245 00 - MENCIÓN DE TITULO | |
| Título | Ideas prácticas en decoración / |
| Mención de responsabilidad | texto Anna Ventura |
| 260 ## - PUBLICACIÓN, DISTRIBUCIÓN, ETC. (PIE DE IMPRENTA) | |
| Lugar de publicación, distribución, etc | Lima, Peru: |
| Nombre del editor, distribuidor, etc. | Lexus, |
| Fecha de publicación, distribución, etc | 2006. |
| 300 ## - DESCRIPCIÓN FÍSICA | |
| Extensión | 199 p. : |
| Otros detalles físicos | retratos |
| Dimensiones | 35 cm. |
| 500 ## - NOTA GENERAL | |
| Nota general | |
| 505 2# - NOTA DE CONTENIDO | |
| Título | Introducción -- |
| -- | Las telas -- |
| -- | Los pavimentos -- |
| -- | Los revestimientos -- |
| -- | Los colores -- |
| -- | Iluminación de un espacio -- |
| 600 00 - ENCABEZAMIENTO DE MATERIA--NOMBRE PERSONAL | |
| Nombre personal | |
| Subdivisión temática general | |
| 650 #4 - ENCABEZAMIENTO DE MATERIA--TEMÁTICO | |
| Término temático o nombre geográfico como elemento de entrada | DECORACIÓN DE INTERIORES |
| 700 12 - ASIENTO SECUNDARIO -- NOMBRE PERSONAL | |
| Mención de responsabilidad | Gonzaléz, Susana |
| 910 ## - VALIDACIÓN | |
| Validación | Validado. Control de calidad MFF |
| 942 ## - ADDED ENTRY ELEMENTS (KOHA) | |
| Source of classification or shelving scheme | Dewey Decimal Classification |
| Koha item type | Libros |
| 945 ## - INFORMACIÓN DE PROCESAMIENTO LOCAL | |
| Información de procesamiento local | Inventariado extranjero / 2017 VM |
| 956 ## - LOCAL ELECTRONIC LOCATION AND ACCESS (OCLC) | |
| Método de acceso | YLOCKWARD |
| Materiales especificados | 10 |
| Campo enlazado y núm. de secuencia | BPMSU |
| Withdrawn status | Lost status | Source of classification or shelving scheme | Damaged status | Not for loan | Collection code | Home library | Current library | Date acquired | Source of acquisition | Cost, normal purchase price | Total Checkouts | Full call number | Barcode | Date last seen | Price effective from | Koha item type | Copy number |
|---|---|---|---|---|---|---|---|---|---|---|---|---|---|---|---|---|---|
| Dewey Decimal Classification | Colección General | Biblioteca Pública Metropolitana Salomé Ureña | Biblioteca Pública Metropolitana Salomé Ureña | 09/13/2016 | compra | 0.00 | 747 V468i | BPMSU16090237 | 09/13/2016 | 09/13/2016 | Libros | ||||||
| Dewey Decimal Classification | Colección General | Biblioteca Pública Metropolitana Salomé Ureña | Biblioteca Pública Metropolitana Salomé Ureña | 09/21/2016 | Compra | 0.00 | 747 V468i | BPMSU16090446 | 09/21/2016 | 09/21/2016 | Libros | e. 2 |